IFRS guidebook / (Record no. 20853)

MARC details
000 -LEADER
fixed length control field 01007nam a22002895a 4500
005 - DATE AND TIME OF LATEST TRANSACTION
control field 20150906120922.0
008 - FIXED-LENGTH DATA ELEMENTS--GENERAL INFORMATION
fixed length control field 150906t2014 coua frdf 001 0 eng d
020 ## - INTERNATIONAL STANDARD BOOK NUMBER
International Standard Book Number 9781938910494
040 ## - CATALOGING SOURCE
Original cataloging agency EG-ScBUE
Language of cataloging eng
Transcribing agency EG-ScBUE
082 04 - DEWEY DECIMAL CLASSIFICATION NUMBER
Classification number 657.30218
Item number BRA
Edition number 22
100 1# - MAIN ENTRY--PERSONAL NAME
Personal name Bragg, Steven M.
9 (RLIN) 38406
245 10 - TITLE STATEMENT
Title IFRS guidebook /
Statement of responsibility, etc Steven M. Bragg.
246 34 - VARYING FORM OF TITLE
Title proper/short title IFRS guidebook :
Remainder of title 2015 edition
246 33 - VARYING FORM OF TITLE
Title proper/short title A guide to the essential IFRS
260 ## - PUBLICATION, DISTRIBUTION, ETC. (IMPRINT)
Place of publication, distribution, etc Centennial :
Name of publisher, distributor, etc AccountingTools, Inc.,
Date of publication, distribution, etc 2015.
300 ## - PHYSICAL DESCRIPTION
Extent xiii, 375 p. :
Other physical details ill. ;
Dimensions 25 cm.
490 0# - Series Statement
Series statement AccountingTools series
500 ## - GENERAL NOTE
General note Index : p. 372-375.
500 ## - GENERAL NOTE
General note Glossary : p. 362-371.
630 07 - SUBJECT ADDED ENTRY--UNIFORM TITLE
Uniform title International financial reporting standards.
Source of heading or term BUEsh
9 (RLIN) 36756
650 #0 - SUBJECT ADDED ENTRY--TOPICAL TERM
Topical term or geographic name as entry element Financial statements
General subdivision Standards
Form subdivision Handbooks, manuals, etc.
Source of heading or term BUEsh
650 #0 - SUBJECT ADDED ENTRY--TOPICAL TERM
Topical term or geographic name as entry element Accounting
General subdivision Standards
Form subdivision Handbooks, manuals, etc.
Source of heading or term BUEsh
651 ## - SUBJECT ADDED ENTRY--GEOGRAPHIC NAME
Source of heading or term BUEsh
653 ## - INDEX TERM--UNCONTROLLED
Resource For college BAEPS, Business Administration
Arrived date list September2015
655 ## - INDEX TERM--GENRE/FORM
Form subdivision
-- 34232
942 ## - ADDED ENTRY ELEMENTS (KOHA)
Source of classification or shelving scheme Dewey Decimal Classification
Call number prefix 657.30218 BRA
Holdings
Withdrawn status Item status Source of classification or shelving scheme Damaged status Not for loan Home library Current library Shelving location Date acquired Source of acquisition Cost, normal purchase price Total Checkouts Total Renewals Full call number Barcode Date last seen Date last borrowed Koha item type
    Dewey Decimal Classification     Central Library Central Library First floor 06/09/2015 Purchase 540.00 1 5 657.30218 BRA 000039857 15/07/2025 06/09/2015 Book - Borrowing